Visualizzazione normale
Vista MARC
- De Sandre Paolo
di Personal Name
Records bibliografici associati: 2
001 - CONTROL NUMBER
- control field: 59723
003 - CONTROL NUMBER IDENTIFIER
- control field:
005 - DATE AND TIME OF LATEST TRANSACTION
- control field: 20230315143414.0
008 - FIXED-LENGTH DATA ELEMENTS
- fixed length control field: 230315|| aca||aabn | a|a d
040 ## - CATALOGING SOURCE
- Original cataloging agency:
- Transcribing agency:
100 ## - HEADING--PERSONAL NAME
- Personal name: De Sandre Paolo
670 ## - SOURCE DATA FOUND
- Source citation: Work cat.: ()231374: De Sandre Paolo, Separazioni e divorzi in Italia. Aspetti della ricerca demografico-sociale, 1983